Statistics for Songs That Never Passed Their Debut Position (Billboard Hot 100) [2017]

Click here to take the quiz!

General Stats

  • This quiz has been taken 14 times
    (3 since last reset)
  • The average score is 24 of 224

Answer Stats

MonthPeakArtist(s)Song% Correct
January#41Gucci Mane ft. DrakeBoth
67%
#87Major Lazer ft. Travi$ Scott, Camilla Cabello & QuavoKnow No Better
67%
#81Lil Uzi VertX
67%
#58Migos ft. Travi$ ScottKelly Price
67%
#50Drake ft. Sampha4422
33%
#81Enrique Iglesias ft. Descemer Bueno & Zion and LennoxSubeme La Radio
33%
#80RiceGum ft. Alissa VioletIt's Every Night Sis
33%
#60Lil Uzi Vert444+222
33%
#77XXXTENTACIONRevenge
33%
#76Drake ft. SkeptaSkepta Interlude
33%
#35Jay-Z4:44
33%
#4Taylor Swift...Ready For It?
33%
#48Drake ft. GiggsKMT
33%
#49Drake ft. Jorja SmithJorja Interlude
33%
#4Harry StylesSign of the Times
33%
#44Zayn ft. SiaDusk Till Dawn
33%
#36Drake ft. 2 Chainz & Young ThugSacrifices
33%
October#66Niall HoranToo Much to Ask
33%
#9Drake ft. Quavo & Travi$ ScottPortland
33%
#8DrakePassionfruit
33%
#68Bhad BhabieHi Bich
33%
#74A Boogie Wit da HoodieNo Promises
33%
#20Justin Bieber + BloodPopFriends
33%
#14Kendrick Lamar ft. RihannaLOYALTY.
33%
May#4Kendrick LamarDNA.
33%
#87Logic ft. Damian Lemar HudsonBlack SpiderMan
33%
#71Metro Boomin' ft. Offset & DrakeNo Complaints
33%
#100Plies ft. Kodak BlackReal Hitta
33%
#100Halsey ft. Lauren JaureguiStrangers
33%
#44Jose FelicianoFeliz Navidad
33%
#76Kodak BlackPatty Cake
33%
#81Camilla Cabello ft. QuavoOMG
33%
#1 (1 Week)DJ Khaled ft. Justin Bieber, Quavo, Chance the Rapper & Lil WayneI'm The One
33%
#64Lana Del Rey ft. The WeekndLust for Life
33%
#63Kendrick LamarDUCKWORTH.
33%
April#14Nicki Minaj, Drake & Lil WayneNo Frauds
33%
#58Kendrick LamarGOD.
33%
#54Kendrick LamarBLOOD.
33%
#50Kendrick LamarFEAR.
33%
#42Kendrick LamarLUST.
33%
#37Kendrick LamarPRIDE.
33%
#35Kendrick LamarFEEL.
33%
#33Kendrick Lamar ft. U2XXX.
33%
#32Kendrick LamarYAH.
33%
#16Kendrick LamarELEMENT.
33%
#75A Boogie Wit da HoodieSay A'
33%
#94XXXTENTACIONSave Me
33%
#84A Boogie Wit da Hoodie ft. 21 SavageUndefeated
33%
#44Lana Del ReyLove
33%
#95Kodak BlackNo Flockin'
33%
`#72Trippie Redd ft. Travi$ ScottDark Night Dummo
33%
#100Wale ft. Lil WayneRunning Back
33%
#62MigosCall Casting
33%
#100Shakira ft. Nicky JamPerro Fiel
33%
#72MigosGet Right Witcha
33%
#93Migos ft. DJ KhaledCulture
33%
#22Big Sean ft. EminemNo Favors
33%
#52Kodak Black ft. Lil WayneCodeine Dreaming
33%
#70Big Sean ft. MigosSacrifices
33%
#86A Boogie Wit da Hoodie ft. PnB Rock & YoungBoy Never Broke AgainBeast Mode
33%
#47Luis Fonsi & Demi LovatoEchame La Culpa
33%
March#4Katy Perry ft. Skip MarleyChained to the Rhythm
33%
December#14Eminem ft. BeyonceWalk on Water
33%
#90Machine Gun Kelly, X Ambassadors & Bebe RexhaHome
33%
#55Sam SmithPray
33%
#75Ed SheeranSupermarket Flowers
33%
#13Taylor SwiftGorgeous
33%
#37Future ft. RihannaSelfish
33%
#68FutureFeed Me Dope
0%
#95Romeo Santos ft. Nicky Jam & Daddy YankeeBella y Sensual
0%
#79Meek MillWins & Losses
0%
#83Meek Mill1942 Flows
0%
#91Romeo SantosImitadora
0%
#97Meek Mill ft. Lil Uzi Vert**** That Check Up
0%
#96Meek Mill ft. Young ThugWe Ball
0%
#61China Anne McCainWhat's My Name
0%
#99Meek MillHeavy Heart
0%
#38Future ft. Nicki MinajYou Da Baddest
0%
#97KeshaLearn to Let Go
0%
#92Lorde ft. Khalid, Post Malone & SZAHomemade Dynamite
0%
#77Meek MillIssues
0%
#96Kesha ft. The Dap-Kings HornsWoman
0%
#40Louis Tomlinson ft. Bebe Rexha & Digital Farm AnimalsBack to You
0%
#84Rae SremmurdPerplexing Pegasus
0%
#86Jake Paul & Erika Costell ft. Uncle KadeJerika
0%
August#75French Montana ft. The Weeknd & Max BA Lie
0%
#9421 SavageFamous
0%
#67Big Sean & Metro Boomin ft. Travi$ ScottGo Legend
0%
#91Zedd & Liam PayneGet Low
0%
#90Jay-Z ft. The-DreamMarcy Me
0%
#86Jay-ZMoonlight
0%
#63Jay-Z ft. Frank OceanCaught Their Eyes
0%
#82Migos & MarshmelloDanger
0%
#56Jay-Z ft. Gloria CarterSmile
0%
#55Jay-ZKill Jay-Z
0%
#20Lin-Manuel Miranda ft. Artists for Puerto RicoAlmost Like Praying
0%
#51Jay-Z ft. BeyonceFamily Feud
0%
#91Maren Morris ft. Vince GillDear Hate
0%
#67Gucci Mane ft. The WeekndCurve
0%
#99Chloe KohanskiTotal Eclipse of the Heart
0%
#100Offset & Metro Boomin'Nightmare
0%
#77Future & Young ThugAll Da Smoke
0%
#91XXXTENTACIONDepression & Obsession
0%
#90Lil Uzi VertNo Sleep Leak
0%
#84Lil Uzi Vert ft. The WeekndUnFazed
0%
#82Lil Uzi VertFor Real
0%
#92Future4 Da Gang
0%
#98Liam PayneBedroom Floor
0%
#80Lil Uzi VertTwo
0%
#79Lil Uzi Vert ft. Pharrell WilliamsNeon Guts
0%
#100Future & Young ThugThree
0%
#49Lil Uzi VertSauce It Up
0%
#27Taylor SwiftCall It What You Want
0%
#9921 Savage, Offset & Metro Boomin'Mad Stalkers
0%
#79Miley CyrusYounger Now
0%
#62Future & Young ThugNo Cap
0%
#95XXXTENTACIONCarry On
0%
#95YoungBoy Never Broke AgainUntouchable
0%
#50Future & Young Thug ft. OffsetPatek Water
0%
#69Keith UrbanFemale
0%
#96G-EazyThe Plan
0%
#77Bhad BhabieThese Heaux
0%
#79Lil PeepAwful Things
0%
#100DeJ LoafNo Fear
0%
#98Tim McGraw & Faith HillThe Rest of Our Life
0%
September#92Wiz Khalifa ft. Ty Dolla $ignSomething New
0%
#28BTS ft. DesiignerMic Drop
0%
#95Gucci Mane ft. Slim Jxmmi & Young DolphStunting Ain't Nuthin
0%
#80Kane BrownFound You
0%
November#82Chris Brown ft. Future & Young ThugHigh End
0%
#95Sofia Carson, Cameron Boyce, Booboo Stewart & Mitchell HopeChillin' Like a Villain
0%
#47Jay-Z ft. Damien "Jr. Gong" MarleyBam
0%
#94Lee BriceBoy
0%
#23Jay-ZThe Story of O.J.
0%
#93Ed SheeranHearts Don't Break Around Here
0%
#48Future ft. The WeekndComin' Out Strong
0%
#78Gucci Mane & Nicki MinajMake Love
0%
#49Ed SheeranDive
0%
#53Ed SheeranGalway Girl
0%
#59Ed SheeranHappier
0%
#72Ed SheeranNew Man
0%
#83Ed SheeranWhat Do I Know?
0%
#90Ed SheeranEraser
0%
#96Ed SheeranBarcelona
0%
#91FutureSuper Trapper
0%
#61Nicki MinajRegret in Your Tears
0%
#71Nicki Minaj & Lil WayneChanged It
0%
#72Frank OceanChanel
0%
#78LordeLiability
0%
#18DrakeFree Smoke
0%
#29DrakeGyalchester
0%
#35DrakeTeenage Fever
0%
#38DrakeBlem
0%
#40Drake ft. GiggsNo Long Talk
0%
#99FutureZoom
0%
#54FutureRent Money
0%
#51DrakeMadiba Riddim
0%
#76Big SeanJump Out the Window
0%
#99Olivia O'BrienHate U Love U
0%
#6Ed SheeranCastle on the Hill
0%
#89Sam HuntDrinkin' Too Much
0%
February#77HalseyNot Afraid Anymore
0%
#66Major Lazer ft. PARTYNEXTDOOR & Nicki MinajRun Up
0%
#71Missy Elliott ft. LambI'm Better
0%
#68Zac Brown BandMy Old Man
0%
#74Big SeanHalfway Off the Balcony
0%
#86Big SeanOwe Me
0%
#46FutureDraco
0%
#87Ariana Grande & John LegendBeauty and the Beast
0%
#89Mariah Carey ft. YGI Don't
0%
#93Sage The GeminiNow & Later
0%
#97Big Sean ft. JeremihLight
0%
#54Nick Jonas & Nicki MinajBom Bidi Bom
0%
#71SiaHelium
0%
#77Romeo SantosHeroe Favorito
0%
#84Kodak BlackEverything 1K
0%
#41Ed SheeranHow Would You Feel (Paean)
0%
#45Drake ft. Jorja Smith & Black CoffeeGet It Together
0%
#54Drake ft. Kanye WestGlow
0%
#99Future ft. YGExtra Luv
0%
#91Bryson TillerRun Me Dry
0%
#46Katy Perry ft. Nicki MinajSwish Swish
0%
#47Camilla CabelloCrying in the Club
0%
#66Chris BlueMoney on You
0%
#92Lauren DuskiThe Dance
0%
#74Bryson TillerSomething Tells Me
0%
#85Bryson TillerSelf-Made
0%
#88Gucci Mane ft. OffsetMet Gala
0%
#89Bryson TillerDon't Get Too High
0%
#94Martin Garrix & Troye SivanThere For You
0%
#98Lauren DuskiGhost in This House
0%
#98Bryson TillerNo Longer Friends
0%
#42Fifth Harmony ft. Gucci ManeDown
0%
#53DJ Khaled ft. DrakeTo The Max
0%
July#16David Guetta & Justin Bieber2U
0%
#61Kodak BlackFirst Day Out
0%
#36DrakeSigns
0%
#68DJ Khaled & Calvin Harris ft. Travi$ Scott & JeremihDon't Quit
0%
#88DJ Khaled ft. Travi$ Scott, Rick Ross & Big SeanOn Everything
0%
#87Tyler, The CreatorWho Dat Boy
0%
#43Lauren DuskiDeja Vu
0%
June#62Calvin Harris ft. Future & KhalidRollin
0%
#60DrakeDo Not Disturb
0%
#66Zayn ft. PARTYNEXTDOORStill Got Time
0%
#61DrakeNothings Into Somethings
0%
#62Drake ft. Young ThugIce Melts
0%
#64DrakeLose You
0%
#70Drake ft. PARTYNEXTDOORSince Way Back
0%
#82DrakeCan't Have Everything
0%
#97Rick Ross ft. Young Thug & WaleTrap Trap Trap
0%
#22Kendrick LamarThe Heart Part 4
0%
#61Tim McGraw & Faith HillSpeak to a Girl
0%
#59LogicEverybody
0%
#89Chris StapletonEither Way
0%
#75Miranda LambertTin Man
0%
#93Kodak Black ft. FutureConscience
0%
#96Calvin Harris ft. Young Thug, Pharrell Williams & Ariana GrandeHeatstroke
0%
#92Kenny ChesneyBar at the End of the World
0%
#39Lady GagaThe Cure
0%
#78Lil Yachty ft. MigosPeek A Boo
0%
#90ParamoreHard Times
0%
#67Kygo & Ellie GouldingFirst Time
0%
#93Harry StylesSweet Creature
0%
#86EminemUntouchable
0%

Score Distribution

Percentile by Number Answered

Percent of People with Each Score

Your Score History

You have not taken this quiz since the last reset